Clowns for Beginners /

Spremljeno u:
Bibliografski detalji
Glavni autor: Lee, Joe (autor)
Format: Knjiga
Jezik:engleski
Izdano: Nueva York, EUA : Writers and Readers, 1995, c1995
Serija:(Beginners Documentary Comic Book)
Teme:
Oznake: Dodaj oznaku
Bez oznaka, Budi prvi tko označuje ovaj zapis!

MARC

LEADER 00000nam^a2200000^a^4500
001 000164607
005 20250521000000.0
009 20260310100950.301
020 |a 0-86316-199-5 
037 |a Acervo ITESO - Biblioteca 
041 |a ING 
082 |a 920. 02  |b PRI V. 121 
100 |a Lee, Joe  |e (autor) 
240 1 1 |a [Principiantes] 
245 1 0 |a Clowns for Beginners /  |c J. Lee. 
264 4 |a Nueva York, EUA :  |b Writers and Readers,  |c 1995, c1995 
300 |a 180 p. 
336 |a texto  |b txt  |2 rdacontenido 
337 |a sin mediación  |b n  |2 rdamedio 
338 |a volumen  |b nc  |2 rdasoporte 
440 1 |a (Beginners Documentary Comic Book) 
649 |a XX 
650 |a Payasos -  |x Historia 
650 |a Humor -  |x Historia 
650 |a Prácticas Culturales -  |x Historia 
650 |a Sociología de la Cultura -  |x Historia 
910 |a Fondo General 
920 |a Impresos - Libros 
930 |a Colección General 
905 |a 101 
901 |a 0500098324  |b IT1  |c ACC  |u 20250521 
902 |a https://opac.biblio.iteso.mx/vufind/Record/000164607